<?xml version="1.0" encoding="UTF-8"?>
<record
    xmlns:xsi="http://www.w3.org/2001/XMLSchema-instance"
    xsi:schemaLocation="http://www.loc.gov/MARC21/slim http://www.loc.gov/standards/marcxml/schema/MARC21slim.xsd"
    xmlns="http://www.loc.gov/MARC21/slim">

  <leader>01810nam a22003015a 4500</leader>
  <controlfield tag="003">OSt</controlfield>
  <controlfield tag="005">20170214121555.0</controlfield>
  <controlfield tag="008">161127s2016    ua     frb    000 0 ara d</controlfield>
  <datafield tag="015" ind1=" " ind2=" ">
    <subfield code="a">2003 / 11068</subfield>
  </datafield>
  <datafield tag="020" ind1=" " ind2=" ">
    <subfield code="a">9770441708</subfield>
  </datafield>
  <datafield tag="040" ind1=" " ind2=" ">
    <subfield code="a">EG-ScBUE</subfield>
    <subfield code="b">ara</subfield>
    <subfield code="c">EG-ScBUE</subfield>
  </datafield>
  <datafield tag="043" ind1=" " ind2=" ">
    <subfield code="a">f-ua---</subfield>
  </datafield>
  <datafield tag="082" ind1="0" ind2="4">
    <subfield code="a">346.62048</subfield>
    <subfield code="b">&#x642; &#x644; &#x64A;</subfield>
    <subfield code="2">22</subfield>
  </datafield>
  <datafield tag="100" ind1="1" ind2=" ">
    <subfield code="a">&#x642;&#x644;&#x64A;&#x648;&#x628;&#x64A;&#x60C; &#x633;&#x645;&#x64A;&#x62D;&#x629;.</subfield>
  </datafield>
  <datafield tag="245" ind1="1" ind2="2">
    <subfield code="a">&#x627;&#x644;&#x645;&#x644;&#x643;&#x64A;&#x629; &#x627;&#x644;&#x635;&#x646;&#x627;&#x639;&#x64A;&#x629; :</subfield>
    <subfield code="b">&#x628;&#x631;&#x627;&#x621;&#x627;&#x62A; &#x627;&#x644;&#x627;&#x62E;&#x62A;&#x631;&#x627;&#x639; - &#x646;&#x645;&#x627;&#x630;&#x62C; &#x627;&#x644;&#x645;&#x646;&#x641;&#x639;&#x629;... : &#x648;&#x641;&#x642;&#x627; &#x644;&#x623;&#x62D;&#x643;&#x627;&#x645; &#x642;&#x627;&#x646;&#x648;&#x646; &#x62D;&#x645;&#x627;&#x64A;&#x629; &#x627;&#x644;&#x645;&#x644;&#x643;&#x64A;&#x629; &#x627;&#x644;&#x641;&#x643;&#x631;&#x64A;&#x629; &#x631;&#x642;&#x645; 82 &#x644;&#x633;&#x646;&#x629; 2002 &#x648;&#x644;&#x627;&#x626;&#x62D;&#x62A;&#x647; &#x627;&#x644;&#x62A;&#x646;&#x641;&#x64A;&#x630;&#x64A;&#x629; &#x648;&#x627;&#x62A;&#x641;&#x627;&#x642;&#x64A;&#x629; &#x627;&#x644;&#x62A;&#x631;&#x628;&#x633; /</subfield>
    <subfield code="c">&#x633;&#x645;&#x64A;&#x62D;&#x629; &#x627;&#x644;&#x642;&#x644;&#x64A;&#x648;&#x628;&#x64A;.</subfield>
  </datafield>
  <datafield tag="250" ind1=" " ind2=" ">
    <subfield code="a">&#x637;. 10.</subfield>
  </datafield>
  <datafield tag="260" ind1=" " ind2=" ">
    <subfield code="a">&#x627;&#x644;&#x642;&#x627;&#x647;&#x631;&#x629; :</subfield>
    <subfield code="b">&#x62F;&#x627;&#x631; &#x627;&#x644;&#x646;&#x647;&#x636;&#x629; &#x627;&#x644;&#x639;&#x631;&#x628;&#x64A;&#x629;&#x60C;</subfield>
    <subfield code="c">2016.</subfield>
  </datafield>
  <datafield tag="300" ind1=" " ind2=" ">
    <subfield code="a">1045 &#x635;. &#x61B;</subfield>
    <subfield code="c">24 &#x633;&#x645;.</subfield>
  </datafield>
  <datafield tag="504" ind1=" " ind2=" ">
    <subfield code="a">&#x64A;&#x634;&#x62A;&#x645;&#x644; &#x639;&#x644;&#x649; &#x625;&#x631;&#x62C;&#x627;&#x639;&#x627;&#x62A; &#x628;&#x628;&#x644;&#x64A;&#x648;&#x62C;&#x631;&#x627;&#x641;&#x64A;&#x629;.</subfield>
  </datafield>
  <datafield tag="505" ind1=" " ind2=" ">
    <subfield code="a">&#x628;&#x631;&#x627;&#x621;&#x627;&#x62A; &#x627;&#x644;&#x627;&#x62E;&#x62A;&#x631;&#x627;&#x639; - &#x646;&#x645;&#x627;&#x630;&#x62C; &#x627;&#x644;&#x645;&#x646;&#x641;&#x639;&#x629; - &#x627;&#x644;&#x62A;&#x635;&#x645;&#x64A;&#x645;&#x627;&#x62A; &#x627;&#x644;&#x62A;&#x62E;&#x637;&#x64A;&#x637;&#x64A;&#x629; &#x644;&#x644;&#x62F;&#x648;&#x627;&#x626;&#x631; &#x627;&#x644;&#x645;&#x62A;&#x643;&#x627;&#x645;&#x644;&#x629; - &#x627;&#x644;&#x645;&#x639;&#x644;&#x648;&#x645;&#x627;&#x62A; &#x63A;&#x64A;&#x631; &#x627;&#x644;&#x645;&#x641;&#x635;&#x62D; &#x639;&#x646;&#x647;&#x627; - &#x627;&#x644;&#x639;&#x644;&#x627;&#x645;&#x627;&#x62A; &#x648;&#x627;&#x644;&#x628;&#x64A;&#x627;&#x646;&#x627;&#x62A; &#x627;&#x644;&#x62A;&#x62C;&#x627;&#x631;&#x64A;&#x629; &#x648;&#x627;&#x644;&#x645;&#x624;&#x634;&#x631;&#x627;&#x62A; &#x627;&#x644;&#x62C;&#x63A;&#x631;&#x627;&#x641;&#x64A;&#x629; - &#x627;&#x644;&#x62A;&#x635;&#x645;&#x64A;&#x645;&#x627;&#x62A; &#x648;&#x627;&#x644;&#x646;&#x645;&#x627;&#x630;&#x62C; &#x627;&#x644;&#x635;&#x646;&#x627;&#x639;&#x64A;&#x629; - &#x627;&#x644;&#x623;&#x635;&#x646;&#x627;&#x641; &#x627;&#x644;&#x646;&#x628;&#x627;&#x62A;&#x64A;&#x629; - &#x627;&#x644;&#x625;&#x633;&#x645; &#x627;&#x644;&#x62A;&#x62C;&#x627;&#x631;&#x64A;. </subfield>
  </datafield>
  <datafield tag="630" ind1=" " ind2="7">
    <subfield code="a">&#x627;&#x62A;&#x641;&#x627;&#x642;&#x64A;&#x629; &#x627;&#x644;&#x62C;&#x648;&#x627;&#x646;&#x628; &#x627;&#x644;&#x645;&#x62A;&#x635;&#x644;&#x629; &#x628;&#x627;&#x644;&#x62A;&#x62C;&#x627;&#x631;&#x629; &#x645;&#x646; &#x62D;&#x642;&#x648;&#x642; &#x627;&#x644;&#x645;&#x644;&#x643;&#x64A;&#x629; &#x627;&#x644;&#x641;&#x643;&#x631;&#x64A;&#x629; </subfield>
    <subfield code="d">(15 &#x625;&#x628;&#x631;&#x64A;&#x644; 1994)</subfield>
    <subfield code="2">BUEsh</subfield>
  </datafield>
  <datafield tag="650" ind1=" " ind2="7">
    <subfield code="a">&#x627;&#x644;&#x645;&#x644;&#x643;&#x64A;&#x629; &#x627;&#x644;&#x635;&#x646;&#x627;&#x639;&#x64A;&#x629;</subfield>
    <subfield code="x">&#x642;&#x648;&#x627;&#x646;&#x64A;&#x646; &#x648;&#x62A;&#x634;&#x631;&#x64A;&#x639;&#x627;&#x62A;</subfield>
    <subfield code="z">&#x645;&#x635;&#x631;.</subfield>
    <subfield code="2">BUEsh</subfield>
  </datafield>
  <datafield tag="650" ind1=" " ind2="7">
    <subfield code="a">&#x628;&#x631;&#x627;&#x621;&#x627;&#x62A; &#x627;&#x644;&#x627;&#x62E;&#x62A;&#x631;&#x627;&#x639;</subfield>
    <subfield code="x">&#x642;&#x648;&#x627;&#x646;&#x64A;&#x646; &#x648;&#x62A;&#x634;&#x631;&#x64A;&#x639;&#x627;&#x62A;</subfield>
    <subfield code="z">&#x645;&#x635;&#x631;.</subfield>
    <subfield code="2">BUEsh</subfield>
    <subfield code="9">41045</subfield>
  </datafield>
  <datafield tag="650" ind1=" " ind2="7">
    <subfield code="a">&#x627;&#x644;&#x639;&#x644;&#x627;&#x645;&#x627;&#x62A; &#x627;&#x644;&#x62A;&#x62C;&#x627;&#x631;&#x64A;&#x629;</subfield>
    <subfield code="x">&#x642;&#x648;&#x627;&#x646;&#x64A;&#x646; &#x648;&#x62A;&#x634;&#x631;&#x64A;&#x639;&#x627;&#x62A;</subfield>
    <subfield code="z">&#x645;&#x635;&#x631;.</subfield>
    <subfield code="2">BUEsh</subfield>
  </datafield>
  <datafield tag="651" ind1=" " ind2=" ">
    <subfield code="2">BUEsh</subfield>
  </datafield>
  <datafield tag="653" ind1=" " ind2=" ">
    <subfield code="b">LLAAWW</subfield>
    <subfield code="c">November2016</subfield>
  </datafield>
  <datafield tag="942" ind1=" " ind2=" ">
    <subfield code="2">ddc</subfield>
  </datafield>
  <datafield tag="999" ind1=" " ind2=" ">
    <subfield code="c">23353</subfield>
    <subfield code="d">23325</subfield>
  </datafield>
  <datafield tag="952" ind1=" " ind2=" ">
    <subfield code="0">0</subfield>
    <subfield code="1">0</subfield>
    <subfield code="2">ddc</subfield>
    <subfield code="4">0</subfield>
    <subfield code="7">0</subfield>
    <subfield code="8">DarN.AR.</subfield>
    <subfield code="a">MAIN</subfield>
    <subfield code="b">MAIN</subfield>
    <subfield code="c">1ST</subfield>
    <subfield code="d">2016-11-27</subfield>
    <subfield code="e">Purchase</subfield>
    <subfield code="g">275.00</subfield>
    <subfield code="h">2815</subfield>
    <subfield code="o">346.62048 &#x642; &#x644; &#x64A;</subfield>
    <subfield code="p">000040065</subfield>
    <subfield code="r">2025-07-15 00:00:00</subfield>
    <subfield code="s">2021-08-18</subfield>
    <subfield code="u">343.75</subfield>
    <subfield code="y">BB</subfield>
  </datafield>
</record>
